000 00979nam a22002897a 4500
001 683
005 20240217082545.0
020 _a0590438484 (hc) :
_c$15.95
020 _a9780590438490
040 _aDLC
_cDLC
_dDLC
_dFISKH
_beng
050 0 0 _aG670 1981 .F73
_bB42 1992
082 0 0 _a919.804
_220
100 1 _aBeattie, Owen.
245 1 0 _aBuried in ice /
_cby Owen Beattie and John Geiger with Shelley Tanaka.
260 _aNew York :
_bScholastic/Madison Press Book,
_c1992.
300 _a64 pages :
_bcolor illustrations ;
_c29 cm.
500 _a"Scholastic hardcover"--T.p. verso.
505 _aU
520 _aProbes the tragic and mysterious fate of Sir John Franklin's failed expedition to find the Northwest Passage in 1845.
521 _a1010
_bLexile
521 _aU
_bRaz-Plus
650 1 _aVoyages and travels.
700 1 _aGeiger, John,
_d1960-
700 1 _aTanaka, Shelley.
906 _a7
_bcbc
_corignew
_d1
_eocip
_f19
_gy-gencatlg
942 _2ddc
_cBK
_n0
999 _c683
_d683